| 000 | 01371cam a2200325 i 4500 | ||
|---|---|---|---|
| 003 | SA-RiAUC | ||
| 005 | 20250924061137.0 | ||
| 008 | 250803s1985 su g 00000bara c | ||
| 040 |
_aSA-RiAUC _bara _cSA-RiAUC _erda |
||
| 043 | _aa-su--- | ||
| 082 | 0 | 4 |
_a252.5 _qSA-RiAUC |
| 090 |
_a252.5 _bص د ي |
||
| 100 | 1 |
_aصديق حسن خان، محمد صديق بن حسن بن علي، _d1248-1307 هجري _eمؤلف. |
|
| 245 | 1 | 0 |
_aرحلة الصديق إلى البيت العتيق / _cمحمد صديق حسن خان ؛ تعليق عبد الحكيم شرف الدين. |
| 250 | _aالطبعة الثالثة. | ||
| 264 | 1 |
_aالدمام، السعودية : _bدار ابن القيم، _c1985. |
|
| 300 |
_a176 صفحة ؛ _c24 سم |
||
| 336 |
_aنص _btxt _2rdacontent _3كتاب |
||
| 337 |
_aبدون وسيط _bn _2rdamedia |
||
| 338 |
_aمجلد _bnc _2rdacarrier |
||
| 610 | 2 | 7 |
_aالمسجد الحرام _2aucnm |
| 610 | 2 | 7 |
_aالمسجد النبوي الشريف _2aucnm |
| 650 | 7 |
_aالحج (فقه إسلامي) _2aucsh |
|
| 650 | 7 |
_aالعبادات (فقه إسلامي) _2aucsh |
|
| 651 | 7 |
_aمكة المكرمة _xتاريخ _2aucsh |
|
| 651 | 7 |
_aمكة المكرمة _xوصف ورحلات _2aucsh |
|
| 700 | 1 |
_aشرف الدين، عبد الحكيم _eمعلق. |
|
| 942 |
_2ddc _cBOOK _n0 |
||
| 949 |
_aSA-JeALM _d250803 _umohamedma123 _n1 |
||
| 999 |
_c12075 _d12075 |
||